Gaming Quiz

Random Gaming Quiz

Tricky Warhammer 30k/40k Warp questions Quiz Stats

 Plays Quiz not verified by Sporcle

Score 0/5 Timer 01:00
0 Plays Today
Hint Answer % Correct
The second Primarch to ascend to DaemonhoodAngron
83.4%
The species which created ChaosThe Old Ones
59.6%
The first Daemon PrinceDoombreed or Be'lakor
20.5%
The species which destroyed all sentient life in the galaxyThe Enslavers
20.2%
The second Astartes to fall to ChaosArgel Tal
14.2%

You're not logged in!

Compare scores with friends on all Sporcle quizzes.
OR
Log In

Sporcle TV

Today on Sporcle TV


Watch our educational content, quiz creation guides, and fun videos on Sporcle TV.

Show Comments

Extras

Created Aug 18, 2016ReportNominate
Tags:40k, tricky, warhammer

Top Quizzes Today


Score Distribution

Your Account Isn't Verified!

In order to create a playlist on Sporcle, you need to verify the email address you used during registration. Go to your Sporcle Settings to finish the process.

Report this User

Report this user for behavior that violates our Community Guidelines.

Details: